| 000 | 00613nam a2200205 a 4500 | ||
|---|---|---|---|
| 999 |
_c5463 _d5463 |
||
| 001 | 5463 | ||
| 003 | BD-JhCC | ||
| 005 | 20171214185414.0 | ||
| 008 | 171214s1980 bg ||||| |||| 00| 0 ben d | ||
| 035 | _a(BD-JhCC)5463 | ||
| 040 |
_aBD-JhCC _dBD-JhCC |
||
| 041 | _aben | ||
| 082 |
_a519.5 _bBAR 1980 |
||
| 100 | _a গোলডেন, সিরিল এইচ. | ||
| 245 |
_aসংখ্যাতাত্ত্বিক বিশ্লেষণ পদ্বতি / _cসিরিল এইচ. গোলডেন |
||
| 300 |
_a550 p. : _c21 cm. |
||
| 650 | _aStatistics | ||
| 942 |
_2ddc _cBK |
||